000
00314nam a2200133Ia 4500
008
150301s2015 xx 000 0 und d
082
_a
615.19
_b
P12G
100
_a
GOYAL, A.K
245
_a
TB OF PHARMACEUTICAL DISPENSING
260
_b
CBS- DELHI
300
_a
293
650
_a
PHARMACEUTICS
942
_2
ddc
_c
BK
_0
6
999
_c
7284
_d
7284